| 000 | 01069cam a2200325 i 4500 | ||
|---|---|---|---|
| 999 |
_c200429938 _d47864 |
||
| 001 | 200429938 | ||
| 003 | TR-AnTOB | ||
| 005 | 20230606113053.0 | ||
| 007 | ta | ||
| 008 | 070928m20072018turd d01 d tur d | ||
| 020 | _a9789752430532 | ||
| 040 |
_aTR-AnTOB _beng _erda _cTR-AnTOB _dTR-AnTOB |
||
| 041 | 0 | _atur | |
| 050 | 0 | 0 | _aDF901.P4 |
| 090 |
_aDF901.P4 _bE78 2018 |
||
| 100 | 1 |
_aErtaş, Mehmet Yaşar _eauthor _940023 |
|
| 245 | 1 | 0 |
_aSultanın ordusu : _b1715 Mora Seferi'nde organizasyon ve lojistik / _cMehmet Yaşar Ertaş. |
| 246 | 3 | 0 | _a1715 Mora Seferi'nde organizasyon ve lojistik |
| 264 | 1 |
_aİstanbul : _bKronik, _c2018. |
|
| 300 |
_a368 pages ; _c21 cm. |
||
| 336 |
_atext _2rdacontent |
||
| 337 |
_aunmediated _2rdamedia |
||
| 338 |
_avolume _2rdacarrier |
||
| 490 | 0 |
_aKronik Kitap ; _v54 _aOsmanlı tarihi dizisi ; _v20 |
|
| 504 | _aIncludes bibliographical references. | ||
| 651 | 7 |
_aPeloponnesus (Yunanistan: Yarımada) _xTarih _2etuturkob _9120450 |
|
| 651 | 0 |
_aTürkiye _xTarih, Askeri _926368 |
|
| 942 |
_2lcc _cBK |
||